Visiting our past : (Record no. 519)

MARC details
000 -LEADER
fixed length control field 01282cam a2200361 a 4500
005 - DATE AND TIME OF LATEST TRANSACTION
control field 20260322212023.0
008 - FIXED-LENGTH DATA ELEMENTS--GENERAL INFORMATION
fixed length control field data
010 ## - LIBRARY OF CONGRESS CONTROL NUMBER
LC control number 85025897
020 ## - INTERNATIONAL STANDARD BOOK NUMBER
International Standard Book Number 0870446479 (deluxe : alk. paper) :
Terms of availability {dollar}27.95
020 ## - INTERNATIONAL STANDARD BOOK NUMBER
International Standard Book Number 0870446460 (alk. paper) :
Terms of availability {dollar}17.95
020 ## - INTERNATIONAL STANDARD BOOK NUMBER
International Standard Book Number 9780870446467 (alk. paper) :
Terms of availability {dollar}17.95
020 ## - INTERNATIONAL STANDARD BOOK NUMBER
International Standard Book Number 9780870446474 (deluxe : alk. paper) :
Terms of availability {dollar}27.95
040 ## - CATALOGING SOURCE
Original cataloging agency DLC
Transcribing agency DLC
Modifying agency DLC
043 ## - GEOGRAPHIC AREA CODE
Geographic area code n-us---
050 00 - LIBRARY OF CONGRESS CALL NUMBER
Classification number E159
Item number .V57 1986
082 00 - DEWEY DECIMAL CLASSIFICATION NUMBER
Classification number 917.3/04927
Edition information 19
099 ## - LOCAL FREE-TEXT CALL NUMBER (OCLC)
Classification number 917.3 V57 1986
001 - CONTROL NUMBER
control field data
245 10 - TITLE STATEMENT
Title Visiting our past :
Remainder of title America's historylands.
Statement of responsibility, etc. National Geographic Society (U.S.).
250 ## - EDITION STATEMENT
Edition statement Rev. ed.
260 ## - PUBLICATION, DISTRIBUTION, ETC.
Place of publication, distribution, etc. Washington, D.C. :
Name of publisher, distributor, etc. National Geographic Society,
Date of publication, distribution, etc. c1986.
300 ## - PHYSICAL DESCRIPTION
Extent 400 p. :
Other physical details ill. (some col.) ;
Dimensions 29 cm.
440 #0 - SERIES STATEMENT/ADDED ENTRY--TITLE
Title World in color library.
500 ## - GENERAL NOTE
General note Includes index.
504 ## - BIBLIOGRAPHY, ETC. NOTE
Bibliography, etc. note Bibliography: p. 400.
650 #0 - SUBJECT ADDED ENTRY--TOPICAL TERM
Topical term or geographic name entry element Historic sites
Geographic subdivision United States
General subdivision Guidebooks.
650 #0 - SUBJECT ADDED ENTRY--TOPICAL TERM
Topical term or geographic name entry element Monuments
Geographic subdivision United States
General subdivision Guidebooks.
650 #0 - SUBJECT ADDED ENTRY--TOPICAL TERM
Topical term or geographic name entry element Historic sites
Geographic subdivision United States
General subdivision Pictorial works.
650 #0 - SUBJECT ADDED ENTRY--TOPICAL TERM
Topical term or geographic name entry element Monuments
Geographic subdivision United States
General subdivision Pictorial works.
651 #0 - SUBJECT ADDED ENTRY--GEOGRAPHIC NAME
Geographic name United States
General subdivision Guidebooks.
651 #0 - SUBJECT ADDED ENTRY--GEOGRAPHIC NAME
Geographic name United States
General subdivision Pictorial works.
720 2# - ADDED ENTRY--UNCONTROLLED NAME
Name National Geographic Society (U.S.)
Holdings
Withdrawn status Lost status Damaged status Not for loan Home library Current library Shelving location Date acquired Total checkouts Full call number Barcode Date last seen Price effective from Koha item type
        Centerville Centerville General stacks 22/03/2026   917.3/04927 19 BC0010531 22/03/2026 22/03/2026 Books